| 000 | 00612nam a2200253 a 4500 | ||
|---|---|---|---|
| 003 | AR-BaBNM | ||
| 005 | 20251128210927.0 | ||
| 008 | 082120s2002 ||||||||||||||000 | spa|| | ||
| 020 | _a950-739-842-2 | ||
| 040 | _cAR-BaBNM | ||
| 100 | 1 | _aShakespeare, William | |
| 245 | 0 | 0 | _aHamlet |
| 260 |
_aBuenos Aires _bErrepar _c2000 |
||
| 300 |
_a150 p. _bil. |
||
| 490 | 0 |
_aClásicos elegidos _vv. 1 |
|
| 650 | 4 | _aLITERATURA INGLESA | |
| 650 | 4 | _aESCRITORES | |
| 650 | 4 | _aRENACIMIENTO | |
| 650 | 4 | _aTEATRO | |
| 655 | _aLITERATURA | ||
| 700 | 1 |
_aAlarcón, Mario _etraductor |
|
| 942 | _cBK | ||
| 998 | _cMARTIN | ||
| 999 |
_c17496 _d17496 |
||